000 00695nam a2200229 i 4500
001 bg
100 1 _aObłój, Krzysztof.
245 1 0 _aStrategia organizacji :
_bw poszukiwaniu trwałej przewagi konkurencyjnej /
_cKrzysztof Obłój.
260 _aWarszawa :
_bPolskie Wydawnictwo Ekonomiczne,
_c1999.
300 _a340, [1] s. :
_brys., wykr. ;
_c25 cm.
504 _aBibliogr. przy rozdz. - Indeks.
650 9 _aKonkurencja
_xteoria
650 9 _aPrzedsiębiorstwo
_xorganizacja
_xteoria
020 _a8320811872
040 _cBPK
041 0 _apol
080 _a658.1/.5
080 _a339.137
920 _a83-208-1187-2
942 _cKS
008 s pl f |000 0 pol
999 _c53329
_d53329
856 _uhttp://koha.tu.koszalin.pl/cgi-bin/koha/opac-detail.pl?biblionumber=53329
_yKatalog online BPK